| 000 | 01152nam0a2200349 i 4500 | ||
|---|---|---|---|
| 001 | RU\NLR\bibl\1993009 | ||
| 005 | 20240921173604.0 | ||
| 010 |
_a9785892771085 _91000 |
||
| 021 |
_aRU _b2012-102104 _97524 |
||
| 035 | _a(nilc)RuMoRGB-006513832 | ||
| 035 | _a(NLR Aleph) 001981497 | ||
| 090 |
_a4096936 _c4096936 |
||
| 100 | _a20130121d2012 k y0rusy50 ca | ||
| 101 | 0 | _arus | |
| 102 | _aRU | ||
| 105 | _aa ||||||||| | ||
| 200 | 1 |
_aПовреждения рельсов _fЕ.А. Шур |
|
| 210 |
_aМосква _cИнтекст _d2012 |
||
| 215 |
_a192 с. _cил. _d22 |
||
| 300 | _aНа 4-й с. обл. авт.: Е.А. Шур, д.т.н., проф. | ||
| 320 | _aБиблиогр.: с. 186-189 (77 назв.) | ||
| 606 | 1 |
_aРельсы _xДефекты _92428053 _3RU\NLR\auth\661445445 |
|
| 686 | _aО211-082.510.3 | ||
| 700 | 1 |
_aШур _bЕ. А. _gЕвгений Авелевич _4070 |
|
| 801 | 0 |
_aRU _bRuMoRKP _c20130121 _gRCR |
|
| 801 | 2 |
_aRU _bРГБ _c20130130 _grcr |
|
| 801 | 1 |
_aRU _bRuMoRKP _c20130121 _2rusmarc |
|
| 801 | 2 |
_aRU _bNLR _c20130128 _grcr |
|
| 830 | _aавт. по кн. | ||
| 942 | _cBOOK | ||
| 980 | _aNBR | ||